000 00860nam a2200217Ia 4500
003 IN-BaIIA
008 211028s9999 xx 000 0 eng d
040 _cIIA Library
080 _a083.8:52-76
_bGEZ
245 0 _aCatalog of infrared observations including bibliography of Infrared astronomy and index of infrared source positions
_cedited by D. Y. Gezari, Marion Schmitz and Jaylee M. Meao
260 _aWashington
_bNational Aeronautics and Space Administration
_c1984
300 _a[various pagings.]
490 _aNASA reference publication; 1118
650 _aAstronomy and Astrophysics Thesaurus
650 _aCatalogue-Infrared Observations
_913572
650 _aInfrared Observations Catalogue
_913573
700 _aGezari, D. Y., ed.
_913574
700 _aMeao, Jaylee M., ed.
_913575
700 _aSchmitz, Marion, ed.
_913576
942 _cBK
999 _c8045
_d8045